La descomposición del campesinado en la sierra ecuatoriana: un estudio de caso /

Este análisis histórico en la Sierra Ecuatoriana como un trabajo de investigación que tiene como objetivo caracterizar a la fuerza de trabajo campesina que se ha visto estructurada a lo largo de la historia agrícola, desde tiempos de la conquista a una temporalidad en donde la modernidad y el capita...

Полное описание

Сохранить в:
Библиографические подробности
Главный автор: Martínez V., Luciano
Формат: Неизвестно
Язык:Spanish
Опубликовано: Ecuador : Editorial El Conejo
Предметы:
Метки: Добавить метку
Нет меток, Требуется 1-ая метка записи!

MARC

LEADER 00000 a2200000 04500
001 49291
003 cru CIDCACS/IIS
005 20220318062534.0
008 050602s1980 ec spa d
040 |c cru CIDCACS/IIS 
090 |a 07.01.01 M385d  
100 |a Martínez V., Luciano  
245 |a La descomposición del campesinado en la sierra ecuatoriana:   |b un estudio de caso /   |c Luciano Martínez V.  
260 |a Ecuador :   |b Editorial El Conejo  
300 |a 74 páginas :   |b tablas, mapa  
520 |a Este análisis histórico en la Sierra Ecuatoriana como un trabajo de investigación que tiene como objetivo caracterizar a la fuerza de trabajo campesina que se ha visto estructurada a lo largo de la historia agrícola, desde tiempos de la conquista a una temporalidad en donde la modernidad y el capitalismo globalizado en la modificación de las relaciones sociales del campesinado y que continúan haciéndolo de forma constante. Se logra captar los cambios en las relaciones de producción de las economías campesinas y como estas han estructurado a su vez a estos poniendo en marcha una diferenciación social, así es posible visualizar los efectos del capital, la modernización y otros fenómenos sociales en constante cambio sobre la articulación como en la desarticulación de comunidades agrícolas. Este estudio tiene la intención de ejemplificar dinámicas sociales que pueden ocurrir en otros contextos sociales, por ello se le considera un estudio de caso porque se toman comunidades agrícolas de la provincia de Cotopaxi en el Ecuador, lo cual no impide comprender que las dinámicas que acontecen en esta zona geográfica también pueden verse manifiestas en otros contextos por la influencia del capital y sus lógicas de acumulación. (FGO/070721) 
650 0 |9 10019  |a ASPECTOS AGRICOLAS 
650 0 |9 624  |a CAMPESINADO 
650 4 |9 2557  |a CAPITAL 
650 0 |9 5067  |a ECONOMIA AGRICOLA 
650 0 |a TRABAJO  |9 27 
651 0 |9 74  |a ECUADOR 
942 |2 ddc  |c LI 
999 |c 12207  |d 12207